<?xml version="1.0" encoding="UTF-8"?>
<record
    xmlns:xsi="http://www.w3.org/2001/XMLSchema-instance"
    xsi:schemaLocation="http://www.loc.gov/MARC21/slim http://www.loc.gov/standards/marcxml/schema/MARC21slim.xsd"
    xmlns="http://www.loc.gov/MARC21/slim">

  <leader>01954cam a2200397 i 4500</leader>
  <datafield tag="999" ind1=" " ind2=" ">
    <subfield code="c">15178</subfield>
    <subfield code="d">15178</subfield>
  </datafield>
  <controlfield tag="001">19038193</controlfield>
  <controlfield tag="003">OSt</controlfield>
  <controlfield tag="005">20191105094956.0</controlfield>
  <controlfield tag="008">160331s2016    enk      b    001 0 eng  </controlfield>
  <datafield tag="010" ind1=" " ind2=" ">
    <subfield code="a">  2016014404</subfield>
  </datafield>
  <datafield tag="020" ind1=" " ind2=" ">
    <subfield code="a">9780470974827 (hardback)</subfield>
  </datafield>
  <datafield tag="020" ind1=" " ind2=" ">
    <subfield code="a">9780470974810 (paper)</subfield>
  </datafield>
  <datafield tag="040" ind1=" " ind2=" ">
    <subfield code="a">DLC</subfield>
    <subfield code="b">eng</subfield>
    <subfield code="c">DLC</subfield>
    <subfield code="e">rda</subfield>
    <subfield code="d">DLC</subfield>
  </datafield>
  <datafield tag="042" ind1=" " ind2=" ">
    <subfield code="a">pcc</subfield>
  </datafield>
  <datafield tag="050" ind1="0" ind2="0">
    <subfield code="a">BF697</subfield>
    <subfield code="b">.C554 2016</subfield>
  </datafield>
  <datafield tag="082" ind1="0" ind2="0">
    <subfield code="a">364.3</subfield>
    <subfield code="2">23</subfield>
  </datafield>
  <datafield tag="084" ind1=" " ind2=" ">
    <subfield code="a">PSY014000</subfield>
    <subfield code="2">bisacsh</subfield>
  </datafield>
  <datafield tag="245" ind1="0" ind2="0">
    <subfield code="a">Cognitive self change :</subfield>
    <subfield code="b">how offenders experience the world and what we can do about it /</subfield>
    <subfield code="c">Jack Bush, Daryl M. Harris, and Richard J. Parker.</subfield>
  </datafield>
  <datafield tag="264" ind1=" " ind2="1">
    <subfield code="b">Wiley-Blackwell,</subfield>
  </datafield>
  <datafield tag="300" ind1=" " ind2=" ">
    <subfield code="a">x, 189 pages ;</subfield>
    <subfield code="c">25 cm</subfield>
  </datafield>
  <datafield tag="504" ind1=" " ind2=" ">
    <subfield code="a">Includes bibliographical references (pages 175-182) and index.</subfield>
  </datafield>
  <datafield tag="520" ind1=" " ind2=" ">
    <subfield code="a">"This book draws on the latest literature to highlight a fundamental challenge in offender rehabilitation; it questions the ability of contemporary approaches to address this challenge, and proposes an alternative strategy of criminal justice that integrates control, opportunity, and autonomy"--</subfield>
    <subfield code="c">Provided by publisher.</subfield>
  </datafield>
  <datafield tag="650" ind1=" " ind2="0">
    <subfield code="a">Self psychology.</subfield>
  </datafield>
  <datafield tag="650" ind1=" " ind2="0">
    <subfield code="a">Self-disclosure.</subfield>
  </datafield>
  <datafield tag="650" ind1=" " ind2="0">
    <subfield code="a">Forensic psychology.</subfield>
  </datafield>
  <datafield tag="650" ind1=" " ind2="0">
    <subfield code="a">Criminals</subfield>
    <subfield code="x">Rehabilitation.</subfield>
  </datafield>
  <datafield tag="650" ind1=" " ind2="7">
    <subfield code="a">PSYCHOLOGY / Forensic Psychology.</subfield>
    <subfield code="2">bisacsh</subfield>
  </datafield>
  <datafield tag="700" ind1="1" ind2=" ">
    <subfield code="a">Bush, Jack,</subfield>
    <subfield code="d">1938-</subfield>
    <subfield code="e">editor.</subfield>
  </datafield>
  <datafield tag="700" ind1="1" ind2=" ">
    <subfield code="a">Harris, Daryl,</subfield>
    <subfield code="d">1968-</subfield>
    <subfield code="e">editor.</subfield>
  </datafield>
  <datafield tag="700" ind1="1" ind2=" ">
    <subfield code="a">Parker, Richard,</subfield>
    <subfield code="d">1959-</subfield>
    <subfield code="e">editor.</subfield>
  </datafield>
  <datafield tag="776" ind1="0" ind2="8">
    <subfield code="i">Online version:</subfield>
    <subfield code="t">Cognitive self change</subfield>
    <subfield code="d">Hoboken : Wiley-Blackwell, 2016</subfield>
    <subfield code="z">9781119121428</subfield>
    <subfield code="w">(DLC) 2016019189</subfield>
  </datafield>
  <datafield tag="906" ind1=" " ind2=" ">
    <subfield code="a">7</subfield>
    <subfield code="b">cbc</subfield>
    <subfield code="c">orignew</subfield>
    <subfield code="d">1</subfield>
    <subfield code="e">ecip</subfield>
    <subfield code="f">20</subfield>
    <subfield code="g">y-gencatlg</subfield>
  </datafield>
  <datafield tag="942" ind1=" " ind2=" ">
    <subfield code="2">lcc</subfield>
    <subfield code="c">OS</subfield>
    <subfield code="h">BF697.C554</subfield>
  </datafield>
  <datafield tag="952" ind1=" " ind2=" ">
    <subfield code="0">0</subfield>
    <subfield code="1">0</subfield>
    <subfield code="2">lcc</subfield>
    <subfield code="4">0</subfield>
    <subfield code="7">0</subfield>
    <subfield code="a">HRE</subfield>
    <subfield code="b">HRE</subfield>
    <subfield code="c">GEN</subfield>
    <subfield code="d">2019-11-05</subfield>
    <subfield code="e">Donation</subfield>
    <subfield code="g">20.00</subfield>
    <subfield code="i">CU13928</subfield>
    <subfield code="l">0</subfield>
    <subfield code="o">BF697.C554</subfield>
    <subfield code="p">BK008526</subfield>
    <subfield code="r">2025-05-22</subfield>
    <subfield code="t">1</subfield>
    <subfield code="v">2019.00</subfield>
    <subfield code="w">2019-11-05</subfield>
    <subfield code="y">OS</subfield>
  </datafield>
  <datafield tag="952" ind1=" " ind2=" ">
    <subfield code="0">0</subfield>
    <subfield code="1">0</subfield>
    <subfield code="2">lcc</subfield>
    <subfield code="4">0</subfield>
    <subfield code="7">0</subfield>
    <subfield code="a">HRE</subfield>
    <subfield code="b">HRE</subfield>
    <subfield code="c">GEN</subfield>
    <subfield code="d">2019-11-05</subfield>
    <subfield code="e">Donation</subfield>
    <subfield code="g">20.00</subfield>
    <subfield code="i">CU13927</subfield>
    <subfield code="l">0</subfield>
    <subfield code="o">BF697.C554</subfield>
    <subfield code="p">BK008533</subfield>
    <subfield code="r">2025-05-22</subfield>
    <subfield code="t">2</subfield>
    <subfield code="v">20.00</subfield>
    <subfield code="w">2019-11-05</subfield>
    <subfield code="y">OS</subfield>
  </datafield>
</record>
